Environmental performances of businesses (Record no. 117784)

MARC details
000 -LEADER
fixed length control field 01166cam a2200217 4500
001 - CONTROL NUMBER
control field WB@3612-307
008 - FIXED-LENGTH DATA ELEMENTS--GENERAL INFORMATION
fixed length control field 040728n2004 000 0 eng u
035 ## - SYSTEM CONTROL NUMBER
System control number (Sirsi) u126958
245 ## - TITLE STATEMENT
Title Environmental performances of businesses
260 ## - PUBLICATION, DISTRIBUTION, ETC.
Date of publication, distribution, etc. 2004
490 ## - SERIES STATEMENT
Series statement Environment Agency Press Release
Volume/sequential designation 27 July 2004 (4)
520 ## - SUMMARY, ETC.
Summary, etc. The Environment Agency has published its sixth annual report on the environmental performance of businesses in England and Wales - "Spotlight on business: environmental performance in 2003". Shows the number of pollution incidents from industry was down 12% on 2002 and by 43% over the last two years. Apparently risk-based regulation of the industry is working. The full report can be viewed at: http://www.environment-agency.gov.uk/business/4442 55/833726/?lang=_e. http://www.environment-agency.gov.uk/news/835108?l ang=_e&region=&projectstatus=&theme=&subject=&sear chfor=&topic=&area=&month=
590 ## - LOCAL NOTE (RLIN)
Local note WB
590 ## - LOCAL NOTE (RLIN)
Local note WB
650 ## - SUBJECT ADDED ENTRY--TOPICAL TERM
Topical term or geographic name entry element ENVIRONMENTALLY COMPLIANT
650 ## - SUBJECT ADDED ENTRY--TOPICAL TERM
Topical term or geographic name entry element RISK AVOIDANCE
650 ## - SUBJECT ADDED ENTRY--TOPICAL TERM
Topical term or geographic name entry element ENVIRONMENTAL PERFORMANCE
650 ## - SUBJECT ADDED ENTRY--TOPICAL TERM
Topical term or geographic name entry element POLLUTION
690 ## - LOCAL SUBJECT ADDED ENTRY--TOPICAL TERM (OCLC, RLIN)
Topical term or geographic name as entry element ENVIRONMENT-AUDIT/ASSESSMENT
942 ## - ADDED ENTRY ELEMENTS (KOHA)
Suppress in OPAC 0
Holdings
Withdrawn status Lost status Source of classification or shelving scheme Damaged status Not for loan Home library Current library Shelving location Date acquired Total Checkouts Full call number Barcode Date last seen Copy number Price effective from Koha item type
    Dewey Decimal Classification     London London News article 28/07/2004   WB4029-07 126958-1001 06/08/2019 1 06/08/2019 News article